| 000 | 02309 a2200229 4500 | ||
|---|---|---|---|
| 001 | 41306 | ||
| 005 | 20260407155707.0 | ||
| 008 | 260407a2014 arg spa d | ||
| 003 | AR-UNSa-BCEJYS | ||
| 040 |
_aAR-UNSa-BCEJYS _bspa _cAR-UNSa-BCEJYS |
||
| 080 |
_a347.1/7(094.4) _xCódigo Civil y Comercial |
||
| 245 | 1 | 0 | _aImplicancias del nuevo código civil y comercial para el profesional en ciencias económicas |
| 264 | 1 |
_aBuenos Aires : _bThomson Reuters Checkpoint _c2014 |
|
| 300 |
_a86 p. _c24 cm. |
||
| 505 | _aI. Tributario - 1. El nuevo Código y el impuesto a las ganancias / Luis O. Fernández - 2. El Código Civil y Comercial, ley 26.994. Implicancias del régimen patrimonial al matrimonio y las uniones convivenciales en la imposición personal sobre personas físicas / Darío M. Rajmilovich - 3. Esquema preliminar sobre algunas implicancias fiscales del nuevo Código Civil y Comercial / Fernando Daniel García - 4. El impuesto a las ganancias y el nuevo Código Civil y Comercial unificado / Hermosinda Egüez y Sergio A. Simesen de Bielke - 5. Nuevo Código Civil y Comercial unificado: ¿Prescripción tributaria sin límites para los fiscos provinciales? / María F. Fernández Sabella y Fernanda Laiun - 6. La interpretación del derecho tributario a la luz del Código Civil y Comercial de la Nación / Mariano F. Braccia - II. Economía y finanzas - 1. Modificaciones a conceptos financieros de nuestro Código Civil / Alejandro Almarza - III. Concursos y quiebras - 1. Código Civil y Comercial unificado: impacto en materia concursal / Nicolás J. Di Lella - IV. Contabilidad y auditoría - 1. Unificación del Código Civil y Comercial: comparación de aspectos contables / María José Antih - V. Implicancias generales - 1. El nuevo Código Civil y Comercial unificado: repercusiones en el ámbito de los profesionales de Ciencias Económicas / Verónica Simesen de Bielke - 2. Algunas cuestiones relacionadas con los profesionales en Ciencias Económicas en el nuevo Código Civil y Comercial / Adriana Gutiérrez y Karina Januszewski | ||
| 041 | _aspa | ||
| 942 | _cBK | ||
| 590 | _aniveau_biblio:m niveau_hierar:0 | ||
| 650 | _aLEY 26.994 | ||
| 856 | 4 | 1 |
_uhttps://biblioeco.unsa.edu.ar/pmb/images/libros/E00003.jpg _yImagen de portada _qimage/jpeg |
| 650 | _a ley 26 994 | ||
| 999 |
_c3450 _d3450 |
||